000 00512nam a2200205Ia 4500
003 OSt
005 20230227164236.0
008 210210b2000 xxu||||| |||| 00| 0 eng d
020 _a8173713545
040 _cAL
041 _aeng
082 _a595.789 KUNI
100 _aKUNTE (Krushnamegh)
_973590
245 _aIndia a lifescape: butterflies of peninsular India
260 _aHyderabad
_bUniversities Press
_c2000
300 _av--254
690 _aInsects
_973591
906 _a063110
942 _2ddc
_cBK
999 _c132864
_d132864